Compendio de teología ascética y mística.
Сохранить в:
| Главные авторы: | , |
|---|---|
| Формат: | |
| Язык: | испанский |
| Опубликовано: |
Buenos Aires, Argentina:
Dedebec,
1930.
|
| Редактирование: | 1a. edición. |
| Предметы: | |
| Метки: |
Добавить метку
Нет меток, Требуется 1-ая метка записи!
|
MARC
| LEADER | 00000cam a2200000 a 4500 | ||
|---|---|---|---|
| 001 | UCE5142 | ||
| 003 | CL-VaPUC | ||
| 005 | 20240806091710.0 | ||
| 008 | 141204e19300623ag |||||||||||||||||spa|d | ||
| 999 | |c 357930 |d 357928 | ||
| 040 | |c Pontificia Universidad Católica de Valparaíso | ||
| 082 | 0 | 4 | |a 248.22 TAN 1930 |2 21 |
| 100 | |a Tanquerey, Adolphe |e autor |9 883886 | ||
| 245 | 1 | 0 | |a Compendio de teología ascética y mística. |
| 250 | |a 1a. edición. | ||
| 260 | |a Buenos Aires, Argentina: |b Dedebec, |c 1930. | ||
| 300 | |a 1020 páginas. | ||
| 583 | |a last modification |c 20141204 15:21:00 |k Rodrigo Vera | ||
| 650 | 0 | |a Ascetismo |x Cristianismo |9 319291 | |
| 650 | 0 | |a Misticismo |x Cristianismo |9 883887 | |
| 700 | 0 | |a García Hughes, Daniel |e author |9 577633 | |
| 942 | |c BK |2 ddc | ||
| 945 | |d 20141204 15:21:00 |a arojas | ||
| 952 | |0 0 |1 0 |2 ddc |3 erd |4 0 |6 248_220000000000000_TAN_1930 |7 0 |8 P |9 466108 |a BIBTEO |b BIBTES |c TEO_FTES |i 5109256 |o 248.22 TAN 1930 |p 5109256 |r 2024-01-18 |w 2019-11-23 |y BK |z Catalogado en:20141204 |k ICR | ||